| 000 | 01406nam a22003737a 4500 | ||
|---|---|---|---|
| 003 | CHAP | ||
| 005 | 20220329143102.0 | ||
| 008 | 060217d2005 mx r 00110 spa d | ||
| 010 | _a91717 | ||
| 011 | _a92689 | ||
| 035 | _a103254 | ||
| 040 | _cCHAP | ||
| 090 | _aTesis | ||
| 100 | 1 |
_aAlbarran Lopez, Baldomero. _93448 |
|
| 245 | 1 | 3 |
_aLa modernización educativa en el estado de Guerrero : _bfinanciamiento y descentralización en el nivel de educación básica _c/por Baldomero Albarran López |
| 260 |
_aChapingo, Méx. : _bEl autor, _c2005. |
||
| 300 | _a227 h. | ||
| 502 | _aTesis (Doctor en Ciencias en Educación Agrícola Superior) - - UACH. Departamento de Sociología Rural | ||
| 590 |
_aALEPH _b10 _c20130110 _lUCH01 _h1509 |
||
| 590 |
_aBATCH-UPD _b10 _c20130110 _lUCH01 _h0312 |
||
| 590 |
_aBATCH-UPD _b10 _c20130110 _lUCH01 _h2359 |
||
| 590 |
_aBATCH-UPD _b10 _c20130409 _lUCH01 _h2345 |
||
| 590 |
_aBATCH-UPD _b10 _c20130410 _lUCH01 _h1645 |
||
| 590 |
_aBATCH-UPD _b10 _c20130914 _lUCH01 _h1238 |
||
| 590 |
_aCONVERSION _b10 _c20130109 _lUCH01 _h1351 |
||
| 650 | 1 | 4 |
_aEducación _xFinanciamiento. _935447 |
| 650 | 1 | 4 |
_aEducación _xGuerrero. _935449 |
| 650 | 1 | 4 |
_aPolítica educativa _zMéxico. _990561 |
| 901 | _aBK | ||
| 905 | _aLilia | ||
| 942 | _cFOLL | ||
| 949 |
_aTesis _bBC _cTES _d00000001032541 _eTS1 _h44651 _i103254 _sb |
||
| 949 |
_aTesis _bBC _cTES _d33724000983748 _eTS2 _fc.2 _h44652 _i103254 _sb |
||
| 999 |
_c91717 _d91717 |
||